[Event "Stuttgart-chB"]
[Site "Stuttgart"]
[Date "2003.??.??"]
[Round "?"]
[White "Steinhart, Matthias"]
[Black "Jenke, Thomas Marcus"]
[Result "0-1"]
[WhiteElo "1620"]
[BlackElo "1780"]
[PlyCount "48"]
[EventDate "2003.??.??"]
[EventType "swiss"]
[EventRounds "9"]
[EventCountry "GER"]
[SourceTitle "EXT 2007"]
[Source "ChessBase"]
[SourceDate "2006.11.23"]
[SourceVersion "1"]
[SourceVersionDate "2006.11.23"]
[SourceQuality "1"]

1. e4 c5 2. Nf3 Nc6 3. d4 cxd4 4. Nxd4 Nf6 5. Nc3 e5 6. Ndb5 d6 7. Bg5 a6 8. Na3 b5 9. Bxf6 gxf6 10. Nd5 f5 11. Bxb5 axb5 12. Nxb5 Ra4 13. c4 Rxc4 14. Nbc7+ Kd7 15. 0-0 Nd4 16. Qh5 Rxc7 17. Qxf7+ Be7 18. Nxc7 Qxc7 19. exf5 Rf8 20. Qxh7 Rxf5 21. Rfd1 Qc2 22. f3 Nxf3+ 23. Kh1 Nh4 24. Rac1 Qxg2# 0-1